06353nam a2200385Ia 4500008004100000040001800041041000800059100003300067245060600100260006600706300025200772500060801024500165101632505020703283505011003490505022403600505013403824505011603958505006804074505006704142505017404209505011604383505009104499505020404590505017804794505025904972505029805231505028905529506002205818650002105840650002305861650001305884700003705897700003305934130821s1890 sp ab gr spa  aCo-BoUCMbspa1 aspa1 aOncken, Guillermod1838-190510aHistoria universalbhistoria general de los grandes pueblos - estudios de las grandes épocas monografías de los grandes hechos - Biografías de los grandes hombres ; traducción directa del alemán revisada por don Nemesio Fernández Cuestacescrita parcialmente por reputados profesores alemanes, bajo la dirección del eminente historiógrafo Guillermo Onckenbhistoria general de los grandes pueblos - estudios de las grandes épocas monografías de los grandes hechos - Biografías de los grandes hombres ; traducción directa del alemán revisada por don Nemesio Fernández Cuesta aBarcelona (España)bMontaner y Simón, editoresc1890-1894 a16 volúmenes[109, 108, 526, [1] ; 540, 330, [1] ; 822, [1] ; 68, 500, 178, [1] ; 648, 391, [1] ; 204, 220, 439, [1] ; 340, 280, 453 ; 120, 227, 204, 499, [1] ; 560, 172, 270, [1] ; 810, [1] ; 300, 256, 256 ; 240, 695, [1] ; 589, [1] ; 12p, var p aDetalles físicos: Encuadernación rígida en cartón forrado en tela y lomo cubierto en cuero. Pastas con repujados, adornos en tinta dorada y negra. Lomo con letras y adornos en dorado, nervaduras sobre costuras. Guardas en papel moiré. Hoja de cortesía. Anteportada seguida de un grabado en una sola tinta. Portada sencilla a una sola tinta. Texto impreso a dos columnas con una línea que las divide, notas al pie de página, ilustraciones entre el texto, varias laminas plegadas con mapas, laminas con ilustraciones a blanco y negro. Algunas páginas con manchas de humedad. Falta el V.1 aOtros detalles: V.2: ilustraciones en p. 8, 22, 104, 106, 108, 110, 112, 114, 158, 180, 220, 262, 270, 272, 274, 276, 278, 310, 312, 402, 404, 408, 426, 496, 498. Empiezan a desprenderse las primeras páginas. V.3: ilustraciones en p. 128, 248, 538, 22, 108, 112, 114, 124, 126, 136, 200, 234, 244. V.4: ilustraciones en p. 68, 126, 526, 652. V.5: ilustraciones en p. 34, 80, 164, 232, 394, 396, 398, 400, 402, 404, 406, 408, 448. V.6: ilustraciones en p. 110, 258, 264, 318, 462, 478, 182, 184, 486, 534, 4538, 540, 566, 568, 570, 578, 582, 590, 582, 602, 608, 610, 628, 644, 212, 238, 246, 262. V.7: ilustraciones en p. 4; 60, 62, 80, 10, 102, 104, 106, 108, 152, 30, 96, 140, 208, 226, 228, 240, 248; empieza a desprenderse las paginas (p.436). V.8: ilustraciones en p. 28, 44, 122, 84, 92, 298, 72, 90, 108, 114, 188, 234, 246, 262, 274, 72, 430, 436, 444. V.9: ilustraciones en p. 20, 22, 64, 2, 10, 66, 182, 40, 106; páginas del índice desprendidas. V.10: ilustraciones en p. 10, 16, 40, 90, 102, 104, 112, 174, 288, 308, 310, 394, 400, 482, 10, 12, 28, 80, 116, 170, 118, 152, 202. Anteportada, portada y p. 90 sueltas. V.11: ilustraciones en p.8, 10, 76, 78, 218, 220, 238, 246, 257, 262, 266, 328, 362, 440, 442, 466, 493, 498, 500, 506, 574, 576, 580, 671. V.12: ilustraciones en p. 108, 114, 117, 119, 130, 137, 150, 155, 165, 166, 172, 175, 184, 187, 195, 204, 214, 222. V.13: ilustraciones en p. 70, 72, 130, 358, 498, 516, 614 p. V.14: Texto en dos y hasta cuatro columnas. Variación en el texto de la portada. V.15: varias páginas con grabados a color, ultimas hojas sueltas. V.16: varias páginas con grabados a color.0 aV.10tÉpoca de Federico el Granderpor Guillermo OnckentEl Austria durante el reinado de María Teresa, José II y Leonardo IIrpor el Dr. Adam Wolf. ; Catalina segundarpor Dr. Alejandro Bruckner.0 aV.11tHistoria de la revolución francesa, del imperio y de la guerra de liberaciónrGuillermo Oncken.0 aV.12tLa época de la restauración y de la revolución desde 1815 hasta 1851rpor el Dr. Teodoro Flathe.tHistoria del segundo imperio francés y de la fundación del reino de Italiarpor el Dr. Constantino Bulle.0 aV.13tHistoria de la cuestión de orienterpor el Dr. Félix.tLa época del emperador Guillermorpor el Dr. Guillermo Onochen0 aV.14tCronología universal seguida de listas cronológicas y cuadros genealógicos hasta 1883rpor C.Dreyss0 aV.15tPrimero de la historia del traje ...rFederico Hottenroth0 aV.16tSetundode la historia del traje ...rFederico Hottenroth0 aV.2tHistoria de la antigua Persiarpor el Dr. Fernado JustitHistoria de los feniciosrpor el Dr. Ricardo PieschmantHistoria de Grecia y Romarpor Dr. G. F. Hertzberg.0 aV.3tHistoria del pueblo de Israelrpor Bernardo StadetHistoria del imperio Romanorpor el Dr. G. F. Hertberg.0 aV.4tHistoria primitiva de los pueblos germánicos y romanosrpor el Dr. Félix Dahn0 aV.5tHistoria de los Anglo-sajones hasta la muerte del rey Alfredocpor Eduardo Winckelman ; El islamismo en Oriente y en Occidenterpor el Dr. Augusto MullertHistoria de las cruzadasrpor B. Kugler0 aV.6tHistoria de los estados de Occidente durante la edad mediarpor el Dr. Juan Prutz.tHistoria del imperio Bizantino y de la monarquía turcarpor el Dr. G. F. Hertzberg0 aV.7tEl renacimiento y los estudios de humanidades en Italia y Alemaniarpor el Dr. L. Gelger.tHistoria de la época de los descubrimientos geográficoscpor el Dr. Sophus Ruge.tRusia, Polonia y Livonia hasta el Siglo decimo sétimorDe.C, Shiemann.0 aV.8tHistoria de las reformas Religiosas en Alemaniarpor Federico de Bezold.tLa europa occidental en tiempos de Felipe II de España, Isabel de Inglaterra y Enrique IV de Franciar por Dr. Martín Philippson.tLa época de la guerra de los treinta añosrpor el Dr. Juan Gustavo Droysen.0 aV.9tHistoria de la revolución de Inglaterrarpor el Dr. Alfredo SterntLa época de Luis XIV por el Dr. Martín phillippson.tPedro el Grandecpor Alenadro Bruckner.tHistoria de Alemania desde la paz de Westfalia hasta el reino de Federico el Granderpor Bernardo Erdmannsdorfer aConsulta en sala.04aHistoria antigua04aHistoria universal04aHistoria1 aFernández Cuesta, Nemesioetr.1 aFernández Cuesta, Reimundo